| 000 | 00809cab a2200253 4500 | ||
|---|---|---|---|
| 001 | WB2710-36 | ||
| 008 | 090401t1991 xxu||||| |||| 00| 0 eng d | ||
| 035 | _a(Sirsi) u28199 | ||
| 041 | _aeng | ||
| 245 | _aNegligent mortgage valuations - the lender`s liability | ||
| 260 | _c1991 | ||
| 350 | _a0 | ||
| 490 |
_aEstates Gazette _vno 9108 2/3/91 p137 |
||
| 520 | _aDiscusses vicarious liability with regard to negligent mortgage valuations . Refers to recent case law : Beaton v Nationwide Building Society (WB2640-48) | ||
| 650 | _aDUTY OF CARE | ||
| 650 | _aHARRIS V WYE FOREST DC | ||
| 650 | _aNEGLIGENCE | ||
| 650 | _aSMITH V ERIC S BUSH | ||
| 650 | _aSURVEYORS | ||
| 650 | _aVALUERS | ||
| 690 | _aMANAGEMENT-BUSINESS MANAGEMENT-PROFESSIONAL PRACTICE | ||
| 942 | _n0 | ||
| 948 | _c04/03/1997 | ||
| 999 |
_c19013 _d19013 |
||